00000000cam 2200000zi 4500
0019.958142
003CaOODSP
00520260604111208
006m     o  d f      
007cr |n|||||||||
008251210r19791977onc     o    f000 0 eng d
040 |aCaOODSP|beng|erda|cCaOODSP
043 |an-cn---
0861 |aJS42-127/1979E-PDF
24500|aHighlights of the proposed new legislation for young offenders.
264 1|a[Ottawa] : |bSolicitor General Canada = Solliciteur général Canada, |c1979.
264 4|c©1977
300 |a1 online resource (38 pages)
336 |atext|btxt|2rdacontent
337 |acomputer|bc|2rdamedia
338 |aonline resource|bcr|2rdacarrier
500 |aDigitized edition from print [produced by Public Safety Canada].
500 |aIssued also in French under title: Points saillants de l'avant-projet de loi sur les jeunes contrevenants.
650 0|aJuvenile delinquency|xLaw and legislation|zCanada.
650 0|aJuvenile delinquents|xLegal status, laws, etc.|zCanada.
650 0|aJuvenile justice, Administration of|zCanada.
7101 |aCanada. |bSolicitor General Canada, |eissuing body
77508|tPoints saillants de l'avant-projet de loi sur les jeunes contrevenants.|w(CaOODSP)9.963314
85640|qPDF|s906 KB|uhttps://publications.gc.ca/collections/collection_2026/sp-ps/JS42-127-1979-eng.pdf